000 03762nam a22006615i 4500
001 978-3-319-68953-1
003 DE-He213
005 20210118145253.0
007 cr nn 008mamaa
008 171013s2017 gw | s |||| 0|eng d
020 _a9783319689531
_9978-3-319-68953-1
024 7 _a10.1007/978-3-319-68953-1
_2doi
050 4 _aQA75.5-76.95
072 7 _aUY
_2bicssc
072 7 _aCOM037000
_2bisacsh
072 7 _aUY
_2thema
082 0 4 _a004.0151
_223
245 1 0 _aTopics in Theoretical Computer Science
_h[electronic resource] :
_bSecond IFIP WG 1.8 International Conference, TTCS 2017, Tehran, Iran, September 12-14, 2017, Proceedings /
_cedited by Mohammad Reza Mousavi, Jiří Sgall.
250 _a1st ed. 2017.
264 1 _aCham :
_bSpringer International Publishing :
_bImprint: Springer,
_c2017.
300 _aXIX, 125 p. 25 illus.
_bonline resource.
336 _atext
_btxt
_2rdacontent
337 _acomputer
_bc
_2rdamedia
338 _aonline resource
_bcr
_2rdacarrier
347 _atext file
_bPDF
_2rda
490 1 _aTheoretical Computer Science and General Issues ;
_v10608
520 _aThis book constitutes the refereed proceedings of the Second IFIP WG 1.8 International Conference on Topics in Theoretical Computer Science, TTCS 2017, held in Tehran, Iran, in September 2017. The 8 papers presented in this volume were carefully reviewed and selected from 20 submissions. They were organized in topical sections named: algorithms and complexity; and logic, semantics, and programming theory.
650 0 _aComputers.
650 0 _aAlgorithms.
650 0 _aMathematical logic.
650 0 _aComputer logic.
650 0 _aComputer programming.
650 0 _aProgramming languages (Electronic computers).
650 1 4 _aComputation by Abstract Devices.
_0http://scigraph.springernature.com/things/product-market-codes/I16013
650 2 4 _aAlgorithm Analysis and Problem Complexity.
_0http://scigraph.springernature.com/things/product-market-codes/I16021
650 2 4 _aMathematical Logic and Formal Languages.
_0http://scigraph.springernature.com/things/product-market-codes/I16048
650 2 4 _aLogics and Meanings of Programs.
_0http://scigraph.springernature.com/things/product-market-codes/I1603X
650 2 4 _aProgramming Techniques.
_0http://scigraph.springernature.com/things/product-market-codes/I14010
650 2 4 _aProgramming Languages, Compilers, Interpreters.
_0http://scigraph.springernature.com/things/product-market-codes/I14037
700 1 _aMousavi, Mohammad Reza.
_eeditor.
_0(orcid)0000-0002-4869-6794
_1https://orcid.org/0000-0002-4869-6794
_4edt
_4http://id.loc.gov/vocabulary/relators/edt
700 1 _aSgall, Jiří.
_eeditor.
_4edt
_4http://id.loc.gov/vocabulary/relators/edt
710 2 _aSpringerLink (Online service)
773 0 _tSpringer eBooks
776 0 8 _iPrinted edition:
_z9783319689524
776 0 8 _iPrinted edition:
_z9783319689548
830 0 _aTheoretical Computer Science and General Issues ;
_v10608
856 4 0 _uhttps://doi.org/10.1007/978-3-319-68953-1
912 _aZDB-2-SCS
912 _aZDB-2-LNC
999 _c451864
_d451864
942 _cEB
506 _aAvailable to subscribing member institutions only. Доступно лише організаціям членам підписки.
506 _fOnline access from local network of NaUOA.
506 _fOnline access with authorization at https://link.springer.com/
506 _fОнлайн-доступ з локальної мережі НаУОА.
506 _fОнлайн доступ з авторизацією на https://link.springer.com/